| 000 | 00664 a2200205 4500 | ||
|---|---|---|---|
| 010 | _aENG-88560 | ||
| 020 |
_a8182471214 _c495.00 |
||
| 035 | _aEN-72093 | ||
| 037 | _bDBAD / PUB | ||
| 082 | 1 | 4 | _a320.9540905 |
| 090 |
_c8906 _d8906 |
||
| 100 | 1 | _aSingal, R.L. | |
| 245 | 1 |
_aChanging panorama of life since independence/ _cby R.L. Singal |
|
| 260 |
_aChandigarh _bAbhishek Publications _c2006 |
||
| 270 |
_aS.C.O.57-59 Sector 17-C, _bChandigarh _e-17 |
||
| 300 |
_a236p. : _c22cm (Hb) |
||
| 500 | _aIncludes index | ||
| 942 |
_adpl _cEN _k320.9540905 / SIN |
||
| 999 |
_c8745 _d8745 |
||